Films avec Eva Green par image - Statistiques

Statistiques générales
  • Ce quiz a été pris 52 fois
  • Le résultat moyen est 6 sur 16
Statistiques - réponses
Par images Réponse % Correct
Dumbo
94%
Casino Royale
88%
Miss Peregrine et les Enfants particuliers
75%
Les Trois Mousquetaires : Milady
65%
Dark Shadows
53%
300 : La Naissance d'un empire
37%
Sin City : J'ai tué pour elle
31%
Kingdom of Heaven
22%
Proxima
22%
D'après une histoire vraie
16%
The Nocebo Effect
16%
Arsène Lupin
14%
Cracks
14%
Innocents: The Dreamers
14%
The Salvation
12%
À la croisée des mondes : La Boussole d'or
10%
Aucun quiz correspondant
Distribution des résultats
% des personnes avec chaque résultat
Percentile par nombre de réponses
Votre historique - résultats
Vous n’avez pas pris ce quiz